000 00519nam a2200145 4500
999 _c4999
_d4999
008 150907b xxu||||| |||| 00| 0 eng d
020 _a0442278454
050 _a REF RC 954.H37 1984
100 _aSteffi, Bernita M.
245 _aHandbook of gerontological nursing/
_c Bernita M.Steffi
260 _aNew York:
_bVan Nostrand Reinhold company,
_c1984.
300 _axiv, 567 p.
_bill.
_c22 cm
521 _aIncludes index
650 _aGeriatric nursing.
942 _2lcc
_cBOOKS
_h REF RC 954.H37 1984